000 00593nam a2200217Ia 4500
005 20260429112154.0
008 260429s9999||||xx |||||||||||||| ||und||
020 _a9781032503745
041 _aEnglish
082 _a344.0321
_bHAM
100 _aHamelink, cees J.
245 0 _aGlobal health and human rights :
_bprinciples and practices /
_ccees J. Hamelink
250 _a1st ed.
260 _aLondon :
_bRoutledge,
_c2025.
300 _axvii, 222 p.; pbk
650 _a Health
650 _aHuman rights
700 _a Essink, Dirk R.
700 _a Visser, Marlies
942 _cTB
999 _c52719
_d52719